00466nam a2200205Ia 450000500170000000800460001702000180006303700100008104000080009104000080009904000080010704100080011504100080012308400080013124500200013926000310015926000090019065000120019985600490021120260306150650.0008 260114s9999 xx 000 0 eng d a9781400830848 aEbook aCRL beng cCRL 2eng aeng qCRL 0aIt's About Time bPrinceton University Press c2005 aPhysics uhttps://www.degruyter.com/isbn/9781400830848